000 01682cam a2200421 a 4500
001 60871
003 CO-BoRNBP
005 20260428205024.0
007 t
008 000404r19991999sp a r 00110 spa d
020 _a8448125118
040 _aCO-BoBLA
_bspa
_dCO-BoBLA
_erda
_cMc GRAW Hill
041 _aspa
_heng
082 0 4 _a631.45
_bP74
_220 ed.
245 0 0 _aPrincipios de biorrecuperación (bioremediation) :
_btratamientos para la descontaminación y regeneración de suelos y aguas subterráneas mediante procesos biológicos y físico-químicos /
_cJuana B. Eweis ... [et al.] ; traducción y revisión técnica Iñaki Tejero Monzón, Juan José Amieva del Val.
250 _a1a. edición
264 _aMadrid :
_bMcGraw-Hill,
_c1999.
300 _axxii, 327 páginas :
_bilustraciones ;
_c24 cm.
336 _atext
_btxt
_2rdacontent
337 _aunmediated
_bn
_2rdamedia
338 _avolume
_bnc
_2rdacarrier
500 _aIncluye apéndice.
500 _aIncluye glosario.
504 _aIncluye bibliografía e índice.
534 _tBioremediation principles.
650 7 _aAguas subterráneas.
_2BLAAUTO
_92966
650 7 _aConservación de suelos.
_2BLAAUTO
_919189
650 7 _aContaminación de suelos.
_2BLAAUTO
_969658
650 7 _aDisposición de aguas residuales.
_2BLAAUTO
_969659
650 7 _aPurificación de aguas subterráneas.
_2BLAAUTO
_969660
650 7 _aRecuperación de tierras.
_2BLAAUTO
_961916
700 1 _aAmieva del Val, Juan José,
_etraductor.
_969661
700 1 _aEweis, Juana B.
_969662
700 1 _aTejero Monzón, Iñaki,
_etraductor.
_969663
942 _2ddc
_cBK
949 _an
_bn
960 _aNormalizados-2025
999 _c60871
_d60871